Geografía histórica de la tierra santa
Furkejuvvon:
| Váldodahkki: | |
|---|---|
| Materiálatiipa: | Girji |
| Giella: | espánnjágiella |
| Almmustuhtton: |
México, D.F.
El faro.
1960.
|
| Fáttát: | |
| Fáddágilkorat: |
Lasit fáddágilkoriid
Eai fáddágilkorat, Lasit vuosttaš fáddágilkora!
|
MARC
| LEADER | 00000nam a22000005a 4500 | ||
|---|---|---|---|
| 001 | 17185 | ||
| 003 | CL-ChBUA | ||
| 005 | 20170907134432.0 | ||
| 007 | ta | ||
| 008 | 070301s1960 mx 000 0 spa | ||
| 040 | |a CL-ChBUA |c CL-ChBUA |e rda | ||
| 082 | 0 | 0 | |a 220.91 |
| 100 | 1 | |a Smith, George Adam. | |
| 245 | 1 | 0 | |a Geografía histórica de la tierra santa |
| 260 | |b El faro. |a México, D.F. |c 1960. | ||
| 630 | 4 | |a BIBLIA |x GEOGRAFIA | |
| 630 | 4 | |a BIBLIA |x HISTORIA | |
| 942 | |c LIB |2 ddc | ||
| 945 | |0 nac | ||
| 952 | |0 0 |1 0 |4 0 |7 0 |9 23771 |a UNACH |b UNACH |c 200 |d 2007-03-05 |i 5.029. |l 0 |o 220.91 / Sm 648. |p 24770 |r 2023-11-09 00:00:00 |u 23771 |w 2012-08-08 |y LIB |k 220.91 / Sm 648. | ||
| 999 | |c 17185 |d 17185 | ||